00378nam a2200133 a 45000010010000000030011000100080041000210350026000620820014000881000018001022450051001202600056001716500017002270000-8814ELIB.Books110520 1997  a(ELIB.Books)0000-8960 a232 bWri aWright, Chris aThinking Clearly about the Uniqueness of Jesus bMonarch: Evangelical Alliance SCB Publishers c1997 aJesus Christ